Λογιστικά κοστολόγηση φοροτεχνικά γενικό-λογιστικό σχέδιο : στην πράξη

Saved in:
Bibliographic Details
Main Author: Καραγιάννης, Δημήτρης Ι.
Format: Book
Language:Greek
Published: Θεσσαλονίκη : Γραφικές Τέχνες, 1993
Edition:11η έκδ.
Subjects:
Tags: Add Tag
No Tags, Be the first to tag this record!

MARC

LEADER 00000nam a2200000 i 4500
001 1/52599
008 960506s1993 gre d
035 |l 10027369 
040 |a GR-MY-UA  |b gre  |e aacr 
041 0 |a gre 
082 0 |a 657 
100 1 |a Καραγιάννης, Δημήτρης Ι. 
245 1 0 |a Λογιστικά κοστολόγηση φοροτεχνικά γενικό-λογιστικό σχέδιο :  |b στην πράξη /  |c Δημήτρης Ι.Καραγιάννης 
250 |a 11η έκδ. 
260 |a Θεσσαλονίκη :   |b Γραφικές Τέχνες,   |c 1993 
300 |a 710 σ. 
500 |a α.γενικό λογιστικό σχέδιο (πλήρης ανάλυση)β.κώδικας βιβλίων και στοιχείων στην πράξηγ.υποκαταστήματα,αντιπροσωπείες,μετατροπέςγ.διανομές και φορολογία κερδών δ.δημοσιεύσεις,συστάσεις,λύσεις επιχειρήσεων ε.αυξήσεις κεφαλαίων,πρακτικά Α.Ε. και ΕΠΕ. ζ.αποσβέσεις,φοροδιαφυγές,ΦΠΑ στην πράξη,η.ενημέρωση βιβλίων Α',Β' και Γ' κατηγορίας 
650 0 0 |a Accounting. 
852 |a INST  |b CHIOS  |e 19960506  |h 657 ΚΑΡ  |p 005200000250  |q 005200000250  |t BK  |y 0 
909 |a Χ  |b 037704